Experiments and research with humans: values in conflict
| Autor Corporativo: | |
|---|---|
| Tipo de documento: | Print Libro |
| Lenguaje: | Inglés |
| Publicado: |
Washington, D.C.
1975
|
| En: |
Academy forum (3)
Año: 1975 |
| Disponibilidad en Tübingen: | Disponible en Tübingen. UB: KB 2 E 402 |
| Verificar disponibilidad: | HBZ Gateway |
| Servicio de pedido Subito: | Pedir ahora. |
| Palabras clave: |
MARC
| LEADER | 00000cam a2200000 c 4500 | ||
|---|---|---|---|
| 001 | 1076318762 | ||
| 003 | DE-627 | ||
| 005 | 20251224215427.0 | ||
| 007 | tu | ||
| 008 | 850101s1975 xx ||||| 00| ||eng c | ||
| 010 | |a 75013985 | ||
| 020 | |a 0309023475 |9 0-309-02347-5 | ||
| 035 | |a (DE-627)1076318762 | ||
| 035 | |a (DE-576)006318762 | ||
| 035 | |a (DE-599)BSZ006318762 | ||
| 035 | |a (OCoLC)01529266 | ||
| 040 | |a DE-627 |b ger |c DE-627 |e rakwb | ||
| 041 | |a eng | ||
| 082 | 0 | |a 174/.2 | |
| 245 | 0 | 0 | |a Experiments and research with humans |b values in conflict |c National Academy of Sciences <Washington, D.C.> |
| 264 | 1 | |a Washington, D.C. |c 1975 | |
| 300 | |a VI, 234 S. | ||
| 336 | |a Text |b txt |2 rdacontent | ||
| 337 | |a ohne Hilfsmittel zu benutzen |b n |2 rdamedia | ||
| 338 | |a Band |b nc |2 rdacarrier | ||
| 490 | 1 | |a Academy Forum |v 3 | |
| 650 | 0 | |a Science and ethics |x Congresses | |
| 710 | 2 | |a National Academy of Sciences |g Washington, DC |0 (DE-588)1001101-8 |0 (DE-627)102961832 |0 (DE-576)191138576 |4 oth | |
| 810 | 2 | |a National Academy of Sciences |g Washington, DC |t Academy forum |v 3 |9 3 |w (DE-627)12945365X |w (DE-576)9129453658 |w (DE-600)198790-2 |7 am | |
| 951 | |a BO | ||
| ELC | |b 1 | ||
| LOK | |0 000 xxxxxcx a22 zn 4500 | ||
| LOK | |0 001 2049561024 | ||
| LOK | |0 003 DE-627 | ||
| LOK | |0 004 1076318762 | ||
| LOK | |0 005 20020606000000 | ||
| LOK | |0 008 911204||||||||||||||||ger||||||| | ||
| LOK | |0 040 |a DE-21 |c DE-627 |d DE-21 | ||
| LOK | |0 852 |a DE-21 | ||
| LOK | |0 852 1 |c KB 2 E 402 |9 00 | ||
| LOK | |0 935 |a krim | ||
| LOK | |0 936ln |a k12.11.7 | ||
| LOK | |0 939 |a 04-12-91 |b l01 | ||
| ORI | |a SA-MARC-krimdoka001.raw | ||
| SIG | |a UB: KB 2 E 402 | ||
